|
|
|
|
| LEADER |
00000ny a22000003n 4500 |
| 005 |
20110614143051.0 |
| 008 |
040917s2009 sp 001 0 spa d |
| 035 |
|
|
|a 4586
|
| 040 |
|
|
|a BUS
|d vLex
|
| 090 |
|
|
|c 680
|d 680
|
| 100 |
1 |
|
|a Vz̀quez Barros, Sergio
|
| 245 |
1 |
0 |
|a Retracto convencional y legal
|h [Recurso electrn̤ico]
|c Sergio Vz̀quez Barros
|
| 256 |
|
|
|a Servicio en ln̕ea
|
| 260 |
|
|
|a Barcelona :
|b vLex,
|c 2009
|
| 300 |
|
|
|a p. ;
|c cm
|
| 506 |
1 |
|
|a Contenido solo disponible en los productos indicados
|d vLex Global
|d vLex Global (Academic Edition, excluding Law Schools)
|d vLex Global (U.S. Academic Edition, Law Schools)
|d vLex Global (U.S. Academic Edition, excluding Law Schools)
|d vLex Global (Academic Edition, Law Schools)
|
| 650 |
0 |
7 |
|a Retracto convencional
|2 Tesauro vLex
|
| 650 |
0 |
7 |
|a Retracto legal
|2 Tesauro vLex
|
| 740 |
0 |
|
|a vLex Libros (Servicios en ln̕ea)
|
| 856 |
4 |
0 |
|u http://vlex.com/source/4586
|z Acceso restringido
|
| 942 |
|
|
|c BOOK
|
| 999 |
0 |
|
|a Redemption (Law)
|b Barcelona
|